Biblioteca

Don Quijote de la Mancha / Miguel de Cervantes Saavedra ; edición y notas de Francisco Rico (Registro nro. 42078)

Detalles MARC
000 -LÍDER
Campo fijo de descripción fija 006680000a22001810004500
020 ## - NÚMERO INTERNACIONAL NORMALIZADO PARA LIBROS
Número Internacional Normalizado del libro 8420467286
041 0# - CÓDIGO DE IDIOMA
Código de idioma para texto/pista de sonido o título separado
082 04 - NÚMERO DE CLASIFICACIÓN DECIMAL DEWEY
Número de clasificación G 863.32 C419q
001 - NÚMERO DE CONTROL
Campo de control 13085
100 1# - ASIENTO PRINCIPAL--NOMBRE PERSONAL
Nombre personal Cervantes Saavedra, Miguel de (1547-1616)
245 10 - TÍTULO
Título del Material Don Quijote de la Mancha / Miguel de Cervantes Saavedra ; edición y notas de Francisco Rico
260 ## - PUBLICACIÓN, DISTRIBUCIÓN, ETC. (PIE DE IMPRENTA)
Lugar de publicación, distribución, etc. España : Real Académia Española
300 ## - DESCRIPCIÓN FÍSICA
Extensión 1235 pág.
505 00 - NOTA DE CONTENIDO
Nota de contenido con formato preestablecido Una novela para el siglo XXI / Mario Vargas Llosa -- bLa invención del "Quijote" / Martín Riquer -- Don quijote de la mancha
650 14 - ASIENTO SECUNDARIO DE MATERIA - TERMINO TEMÁTICO
Término temático o nombre geográfico como elemento de entrada LITERATURA \ Novela, Siglo XXI
942 ## - TIPO DE MATERIAL (KOHA)
Tipo de Item KOHA Libros General
Existencias
Estado de Material Estado de Perdido Volumen-Parte/Tomo Estado de Dañado No para Préstamo Colección Tomo Biblioteca de Origen Biblioteca Permanente Fecha de Adquisición Total de Préstamos Signatura Topográfica Código de Barras Última vez visto Última vez Préstado Ejemplar/Existencia Fecha de Remplazo Tipo de Material
    1     Colección General   Biblioteca FUSBC Biblioteca FUSBC 20/10/2005 1 G 863.32 C419q 11278 02/05/2023 06/11/2019 1 26/01/2016 Libros General

Biblioteca FUSBC | Teléfono: (57+4) 349 88 10 Ext. 141| WhatsApp (+57) 3005338115 
E-mail: biblioteca@unisbc.edu.co | Calle 76 87-14 Robledo Palenque, Medellín, Colombia

Con tecnología Koha